Представление документа в формате RUSMARC

ПолеНазваниеЗначение
  Тип записи a
  Библиографический уровень m
001 Контрольный номер RU/УОНБ/EK_R/382539700
005 Дата корректировки 20251121115455.7
010 Индекс ISBN __
d Цена 70 к.
9 Тираж 800 экз.
100 Данные общей обработки __
a Данные общей обработки 20120214d1987 k y0rusy0189||||ca
101 Язык документа 0_
a Язык текста rus
102 Страна публикации __
a Страна публикации RU
105 Кодированные данные (монография) __
a Кодированные данные (монография) a z 001yy
200 Заглавие и сведения об ответственности 1_
a Заглавие Автоматизация технологических процессов растениеводства на базе микропроцессоров и микроЭВМ
e Сведения, относящиеся к заглавию (сб. науч. тр.)
f Первые сведения об ответственности Всесоюз. науч.-исслед. ин-т механизации сел. хоз-ва
g Последующие сведения об ответственности [науч. ред. В.К. Хорошенков]
210 Выходные данные 1_
a Место издания Москва
c Издательство [б. и.]
d Дата издания 1987
215 Физическое описание __
a Объем 179 с.
c Иллюстрации/тип воспроизводства ил.
d Формат 21 см
225 Серия 1_
a Серия Труды Всесоюзного научно-исследовательского института механизации сельского хозяйства
v Обозначение тома т. 114
320 Библиография __
a Библиография Библиогр. в тексте
606 Тематические рубрики 0_
a Основная рубрика Растениеводство
x Основная подрубрика Автоматизация
j Формальный подзаголовок Сборники
610 Ключевые слова 0_
a Ключевые слова автоматизация в сельском хозяйстве
610 Ключевые слова 0_
a Ключевые слова растениеводство
675 Индекс УДК __
a Индекс УДК 631.01(06)
686 Индексы других классификаций __
a Классификационный индекс 40.711
2 Код системы rubbk
702 Вторичная интеллектуальная ответственность _1
a Фамилия Хорошенков
b Имя (инициалы) В.К.
4 Код отношения 340
712 Наименование организации (Вторичная ответственность) 02
a Организация/ юрисдикция Всесоюзный научно-исследовательский институт механизации сельского хозяйства
4 Код отношения 570
801 Источник записи _0
a Страна RU
b Организация Ульяновская ОНБ
c Дата составления 20120214
g Правила каталогизации RCR
801 Источник записи _1
a Страна RU
b Организация Ульяновская ОНБ
c Дата составления 20120214
g Правила каталогизации RCR
901 Тип документа __
t Тип документа m
909 Создатель записи __
a Создатель записи Мерзлякова
938 Служебная информация __
a Имя БД retro
b Имя библиотеки УОНБ
c Имя АИБС МАРК-SQL
d Номер DOC_ID в БД 28888